Financial and accounting handbook for service industries /

Bibliographic Details
Main Author: Solomon, Jerome
Format: Book
Language:English
Published: Boston, Mass. : CBI Pub. Co., [1981]
Subjects:

MARC

Tag First Indicator Second Indicator Subfields
LEADER 00000pam a2200000 a 4500
001 in00000071716
005 20151008062347.0
008 810527s1981 mau 00110 eng
010 |a  81010059  
020 |a 0843608544 :  |c $29.95 
035 |a (OCoLC)07578036 
035 |9 AAK0059AM 
039 0 |a 2  |b 3  |c 3  |d 3  |e 3 
040 |a DLC  |c DLC  |d TXA  |d UtOrBLW 
049 |a TXAM  |c [985591] 
050 0 0 |a HF5686.S43  |b S65 
082 0 |a 657/.83  |2 19 
100 1 |a Solomon, Jerome. 
245 1 0 |a Financial and accounting handbook for service industries /  |c Jerome P. Solomon. 
264 1 |a Boston, Mass. :  |b CBI Pub. Co.,  |c [1981] 
264 4 |c ©1981 
300 |a xiv, 482 pages ;  |c 24 cm. 
336 |a text  |b txt  |2 rdacontent 
337 |a unmediated  |b n  |2 rdamedia 
338 |a volume  |b nc  |2 rdacarrier 
500 |a Includes index. 
650 0 |a Service industries  |x Accounting. 
999 |a MARS 
999 f f |s 51ae0407-4557-36ed-8f67-5a5d96e12f44  |i 435f3908-8de4-32e8-8439-41f4615e299c  |t 0 
952 f f |p ric  |a Texas A&M University  |b Rellis Campus  |c Joint Library Facility  |d Remote Storage  |t 0  |e HF5686.S43 S65  |h Library of Congress classification  |i unmediated -- volume  |m A14806136393 
998 f f |a HF5686.S43 S65  |t 0  |l Remote Storage